000 01092nam0a22003011 4500
001 v19\rc\1589564
005 20250619051312.0
035 _a(NLR Aleph) 004836432
090 _a4776159
_c4776159
100 _a20061002d1894 |||y0rusy50 ca
101 1 _arus
_cger
102 _aRU
105 _ab z |||||
200 1 _aЖизнь Зейдлица
_f[Соч.] Фарнганена фон-Энзе
_gПер. с нем. С. Домогацкий
210 _a[Киев
_d1894]
215 _a92 с., 1 л. карт.
_d21
700 1 _9z01790
_aФарнгаген фон Энзе
_bК.А.
_f1785-1858
_gКарл Август
702 1 _aДомогацкий
_bС.
_4730
702 1 _aЗейдлиц
_bФ.В.
_f1721-1773
_gФридрих Вильгельм
_4570
790 1 _9z01700
_aЭнзе
_bК.А.Ф. фон
_f1785-1858
_gКарл Август Фарнгаген фон
801 0 _aRU
_bNLR
_gpsbo
801 0 _aRU
_bRuMoRGB
_2psbo
801 1 _aRU
_bProSoft-M
_2rusmarc
852 _aNLR
_j18.267.3.451
899 _aRuMoRGB
_jU 131/300
899 _aRuMoRGB
_jW 55/175
942 _cBOOK
980 _aNB